Spotify - top 10 najczęściej słuchane artystki w Polsce 2022 - Statystyki

Ogólne statystyki
  • Ten quiz został rozwiązany 83 razy
  • Średni wynik to 3 z 10
Statystyki odpowiedzi
Miejsce Artystka % Poprawnych
1. sanah
97%
7. Young Leosia
64%
6. Daria Zawiałow
43%
9. Ariana Grande
23%
2. Taylor Swift
22%
8. Rihanna
19%
5. Dua Lipa
15%
4. Billie Eilish
9%
3. Lana Del Rey
8%
10. Ava Max
3%
Nie znaleziono quizów pasujących do podanych kryteriów
Rozkład punktacji
Procent ludzi z każdym wynikiem
Percentyl według liczby udzielonych odpowiedzi
Twoja historia wyników
Nie rozwiązałeś tego quizu